हिन्दुओं की विधा एवं शिक्षा सम्बन्धी प्रगति में मुस्लिम शासकों का योगदान (Record no. 18539)
[ view plain ]
| 000 -LEADER | |
|---|---|
| fixed length control field | 007620000a22001810004500 |
| 003 - CONTROL NUMBER IDENTIFIER | |
| control field | MACL |
| 005 - DATE AND TIME OF LATEST TRANSACTION | |
| control field | 20160608170231.0 |
| 008 - FIXED-LENGTH DATA ELEMENTS--GENERAL INFORMATION | |
| fixed length control field | 160608b xxu||||| |||| 00| 0 eng d |
| 040 ## - CATALOGING SOURCE | |
| Original cataloging agency | MACL |
| Transcribing agency | MACL |
| 041 ## - LANGUAGE CODE | |
| Language code of text/sound track or separate title | Hindi |
| 082 ## - DEWEY DECIMAL CLASSIFICATION NUMBER | |
| Classification number | 954 |
| 100 ## - MAIN ENTRY--PERSONAL NAME | |
| Personal name | नदवी, सैयद सुलेमान |
| 9 (RLIN) | 63262 |
| 245 ## - TITLE STATEMENT | |
| Title | हिन्दुओं की विधा एवं शिक्षा सम्बन्धी प्रगति में मुस्लिम शासकों का योगदान |
| Statement of responsibility, etc. | सैयद सुलेमान नदवी |
| 260 ## - PUBLICATION, DISTRIBUTION, ETC. (IMPRINT) | |
| Name of publisher, distributor, etc. | खुदा बख्श ओरियन्टल पब्लिक |
| Date of publication, distribution, etc. | 2002 |
| Place of publication, distribution, etc. | पटना |
| 350 ## - PRICE (NR) (BK AM CF MU VM SE) [OBSOLETE] | |
| Price | 60 |
| 650 ## - SUBJECT ADDED ENTRY--TOPICAL TERM | |
| Topical term or geographic name as entry element | History |
| 9 (RLIN) | 63263 |
| 942 ## - ADDED ENTRY ELEMENTS (KOHA) | |
| Koha item type | Hindi Books |
| Call number prefix | 954 |
| Source of classification or shelving scheme | |
| Withdrawn status | Lost status | Source of classification or shelving scheme | Damaged status | Not for loan | Home library | Current library | Date acquired | Cost, normal purchase price | Total Checkouts | Full call number | Barcode | Date last seen | Date last checked out | Uniform Resource Identifier | Price effective from | Koha item type |
|---|---|---|---|---|---|---|---|---|---|---|---|---|---|---|---|---|
| MACL | MACL | 15/04/2015 | 60.00 | 1 | 954 | CRH018148 | 16/09/2016 | 21/08/2016 | 18450 | 15/04/2015 | Books |









